000 00688nam a2200277Ia 4500
005 20260324114031.0
008 008 260324s9999 xx 000 0 eng d
020 _a9781003446866
037 _aEBOOK
040 _aCRL
040 _beng
040 _cCRL
041 _2eng
041 _aeng
084 _qCRL
100 _aNorah P. Shultz
_91149161
245 0 _aRevising the Curriculum and Co-Curriculum to Engage Diversity, Equity, and Inclusion
260 _bTaylor and Francis
260 _c2023
365 _a
365 _b230
856 _uhttp://www.taylorfrancis.com/books/9781003446866
942 _cEBOOK
999 _c1739127
_d1739127